| 000 | 00834cam a2200253 a 4500 | ||
|---|---|---|---|
| 999 |
_c318 _d318 |
||
| 001 | vtls001398797 | ||
| 003 | VRT | ||
| 005 | 20190806093338.0 | ||
| 008 | 120524s2012 enka 000 0 eng d | ||
| 020 | _a9780141041452 (pbk.) | ||
| 020 | _a0141041455 (pbk.) : | ||
| 035 | _a(OCoLC)ocn701110027 | ||
| 040 |
_aUNITY _beng _cUNITY _dYDXCP _dSINLB _dVMC _dVP@ _dUKMGB _dDRB _dRRP |
||
| 042 | _anbic | ||
| 082 | _a546 ALD | ||
| 100 | 1 |
_aAldersey-Williams, Hugh. _eauthor |
|
| 245 | 1 | 0 |
_aPeriodic tales : _bthe curious lives of the elements / _cHugh Aldersey-Williams. |
| 260 |
_aLondon : _bViking, _c2012. |
||
| 300 |
_axvii, 428 p. : _bill. ; _c20 cm. |
||
| 504 | _aIncludes bibliographical references and index. | ||
| 505 | 2 | _aPower -- Fire -- Craft -- Beauty -- Earth. | |
| 650 | 0 |
_aChemical elements _vPopular works. |
|
| 942 |
_2ddc _cNFIC |
||